00898 2200337 4500001002100000005001500021035002000036007000300056040001600059100002700075245004500102250001200147300004000159020001800199041000800217082001000225084001600235090002000251264003700271336002100308337003000329338002300359650001000382850001000392008004100402504002500443990002300468990002300491990002300514990002300537INLIS00000000000456620260524084610 a0010-0122000198ta aSPBUPDbind0 aA.W.WidjajaePengarang1 aEtika Administrasi Negara /cA.W.Widjaja a.-cet.3 axii, 105 hal. :billus. ;c14x20 cm a979-526-167-3 aind a172.1 a172.1 WID e a172.2 CHA f 2-7 a.--Jakarta :bBumi Aksara,c2004 2rdacontentaTeks 2rdamediaaTanpa Perantara 2rdacarrieravolume 4aEtika aPUPAD260524 0  abibliografi, hlm 103 a5504/Br/ARPUS/2007 a5500/Br/ARPUS/2007 a5501/Br/ARPUS/2007 a5502/Br/ARPUS/2007